Theory of matrix algorithms /

Saved in:
Bibliographic Details
Main Author: Brucker, Peter
Format: Book
Language:English
Published: Meisenheim am Glan : A. Hain, [1974].
Series:Mathematical systems in economics ; 13
Subjects:
LEADER 00922nam a2200253 i 4500
001 c000303578
003 CARM
005 00000000000000.0
008 840301s1974 xx 0 eng d
019 1 |a 53807753  |5 LACONCORD2021 
020 |a 3445011680 
035 |a (OCoLC)896981469  |5 LACONCORD2021 
082 0 4 |a 511/.5 
100 1 |a Brucker, Peter. 
245 1 0 |a Theory of matrix algorithms /  |c Peter Brucker. 
260 |a Meisenheim am Glan :  |b A. Hain,  |c [1974]. 
300 |a 109 p. :  |b ill. ;  |c 23 cm. 
490 0 |a Mathematical systems in economics ;  |v 13 
504 |a Bibliography: p. 100-104. 
650 0 |a Graph theory  |x Data processing. 
650 0 |a Matrices  |x Data processing. 
852 8 |b CARM  |h A1:AQ18B0  |i B10556  |p 0332602  |f BK 
999 f f |i 76b284b4-b352-5882-b128-7834cf48a7e2  |s c437869f-be51-5565-98ea-618ae8b14a2b 
952 f f |p Can circulate  |a CAVAL  |b CAVAL  |c CAVAL  |d CARM 1 Store  |e B10556  |f A1:AQ18B0  |h Other scheme  |i book  |m 0332602